| 000 | 01364nam a2200265 i 4500 | ||
|---|---|---|---|
| 003 | DO-SdBNP | ||
| 005 | 20260525160325.0 | ||
| 007 | ta | ||
| 008 | 260525e2025 dr ||||gr|||||||| ||spa d | ||
| 020 | _a9789945297386. | ||
| 040 |
_aDO-SdBNP _bspa _cBNPHU _erda |
||
| 041 | _aspa | ||
| 082 |
_bP187a 2025 _222 |
||
| 245 |
_aAntología poética de mis maestros : _blos sonetos : 800 años de sonetos, un recorrido por su historia / _ccompilador: Rafael A. Panamá Sanchéz. Luz María Abreu Lantigua (Prologuista). |
||
| 264 |
_aSanto Domingo, República Dominicana : _bAmigo del Hogar, _c2025. |
||
| 300 |
_a193 páginas ; _c23 x 17 cm. |
||
| 336 |
_atexto _btxt _2rdacontent |
||
| 337 |
_asin mediación _bn _2rdamedia |
||
| 338 |
_avolumen _bnc _2rdacarrier |
||
| 520 | _aUn recorrido de 800 años del Soneto. Desde sus inicios en el siglo XIII hasta la fecha. Sonetos de grandes autores, haciendo cita de su biografía de manera breve. Un libro bajo la estructura de la literatura clásica del endecasílabo en la cual se abordan los Metros Italianos de los primeros sonetos. Un libro que ayudará a entender diferentes tipos y usos de conjunción de la métrica. | ||
| 650 | 0 |
_a Investigación _92 |
|
| 700 |
_aPanamá Sánchez, Rafael Antonio _989733 _ecompilador |
||
| 700 |
_aAbreu Lantigua, Luz María, _d1954- _978583 _eprologuista |
||
| 942 |
_2ddc _cLBS1 |
||
| 999 |
_c60822 _d60822 |
||